| 000 | 00416nam a2200157Ia 4500 | ||
|---|---|---|---|
| 008 | 240729s9999 xx 000 0 und d | ||
| 022 | _a2379-4011 | ||
| 245 | 0 | _aOklahoma Native Plant Record | |
| 260 | _aUnited States | ||
| 260 | _bOklahoma Native Plant Society | ||
| 650 | _a Botany | ||
| 650 | _aScience | ||
| 856 | _uhttps://doaj.org/toc/477c84ded0254d259e2c59fb4d8d529a | ||
| 942 | _2ddc | ||
| 942 | _cDOAJEJ | ||
| 999 |
_c68608 _d68608 |
||
| 945 |
_a1 _bMadushi Gamage _c1 _dMadushi Gamage |
||